[Event "POL-ch"]
[Site "Poland"]
[Date "1996.??.??"]
[Round "7"]
[White "Gdanski, Jacek"]
[Black "Krasenkow, Michal"]
[Result "1/2-1/2"]
[WhiteElo "2480"]
[BlackElo "2610"]

1.e4 c5 2.Nf3 e6 3.c3 Nf6 4.e5 Nd5 5.d4 cxd4 6.Qxd4 Nc6 7.Qe4 Qc7 8.Bc4 Nde7
9.Bf4 Ng6 10.Bg3 a6 11.Nbd2 b5 12.Bd3 d6 13.exd6 Bxd6 14.Qe3 Nf4 15.O-O Nxd3
16.Bxd6 Qxd6 17.Ne4 Qf4 18.Qxd3 O-O 19.Neg5 g6 20.Qe4 Qxe4 21.Nxe4 e5 22.Rfd1 Bf5
23.Nc5 a5 24.Nd7 Bxd7 25.Rxd7 Rfd8 26.Rad1 f6 27.Kf1 Rxd7 28.Rxd7 Rd8 29.Rc7 Rd6
30.Ke2 Nd8 31.Ra7 Ne6 32.g3 a4 33.Nd2 f5 34.Rb7 Rd5 35.Nf1 Rc5 36.a3 Ng5
37.h4 Nf7 38.Nd2 Kg7 39.Nf3 h6 40.Rb6 Rd5 41.h5 g5 42.Rg6+ Kf8 43.g4 fxg4
44.Nh2 Rd6 45.Nxg4 Rxg6 46.hxg6 Nd6 47.Nxh6 Kg7 48.Ng4 e4 49.Ne5 Kf6 50.c4 Nxc4
51.Nxc4 bxc4 52.Ke3 Kxg6 53.Kxe4 Kh5 54.Kd4 Kg4 55.Kxc4 Kf3 56.b4  1/2-1/2

[Event "POL-ch"]
[Site "Poland"]
[Date "1996.??.??"]
[Round "12"]
[White "Krasenkow, Michal"]
[Black "Grabarczyk, Miroslaw"]
[Result "0-1"]
[WhiteElo "2610"]
[BlackElo "2505"]

1.d4 d5 2.c4 dxc4 3.Nf3 Nf6 4.Nc3 a6 5.e4 b5 6.e5 Nd5 7.a4 e6 8.axb5 Nb6
9.Ng5 h6 10.Nge4 Bb7 11.Qg4 axb5 12.Rxa8 Bxa8 13.Nxb5 Qd7 14.Nbc3 Nc6 15.Be3 Nb4
16.Be2 Nc2+ 17.Kf1 Nd5 18.Bc1 Nxd4 19.Bxc4 Nb6 20.Ba2 Nf5 21.h4 Be7 22.Kg1 Qd4
23.Qf4 h5 24.Ng5 Nd7 25.Nb5 Qxf4 26.Bxf4 Bd8 27.Rh3 Bc6 28.Na7 Bb7 29.Rd3 Nxh4
30.Nxf7 Nxg2 31.Bd2 Kxf7 32.Rxd7+ Ke8 33.Rxg7 Nh4 34.Bc3 Rh6 35.Nb5 Nf3+
36.Kf1 h4 37.Rg8+ Kd7 38.Rg7+ Ke8 39.Rg8+ Kd7 40.Rg7+ Kc6  0-1

[Event "POL-ch"]
[Site "Poland"]
[Date "1996.??.??"]
[Round "14"]
[White "Krasenkow, Michal"]
[Black "Oliwa, Marek"]
[Result "1-0"]
[WhiteElo "2610"]
[BlackElo "2440"]

1.d4 Nf6 2.c4 c5 3.d5 d6 4.Nc3 g6 5.e4 Bg7 6.h3 O-O 7.Nf3 e6 8.Bd3 exd5 9.cxd5 Nh5
10.O-O Nd7 11.Bg5 Bf6 12.Be3 a6 13.a4 Re8 14.Nd2 Bd4 15.Bxd4 cxd4 16.Ne2 Nc5
17.Ra3 Bd7 18.Bc2 d3 19.Bxd3 Bxa4 20.Rxa4 Nxd3 21.Rd4 Ndf4 22.Nc3 Qf6 23.Nc4 g5
24.Kh2 Ng7 25.g3 Ng6 26.f4 b5 27.Ne3 h5 28.fxg5 Qxg5 29.Nf5 h4 30.gxh4 Nxh4
31.Qg4 Qxg4 32.Nh6+ Kh7 33.Nxg4 Nh5 34.e5 Kg7 35.Ne3 Ng6 36.Nf5+ Kh7 37.Nxd6 Rxe5
38.Rxf7+ Kh8 39.Rg4 Rg8 40.Ra7 Re7 41.Rxe7 Nxe7 42.Rh4  1-0

[Event "Yerevan ol (Men)"]
[Site "Yerevan"]
[Date "1996.??.??"]
[Round "4"]
[White "Krasenkow, Michal"]
[Black "Azmaiparashvili, Zurab"]
[Result "0-1"]
[WhiteElo "2605"]
[BlackElo "2670"]

1.Nf3 Nf6 2.c4 g6 3.Nc3 d5 4.d4 Bg7 5.cxd5 Nxd5 6.e4 Nxc3 7.bxc3 c5 8.Rb1 O-O
9.Be2 cxd4 10.cxd4 Qa5+ 11.Bd2 Qxa2 12.O-O Bg4 13.Be3 Nc6 14.d5 Bxf3 15.Bxf3 Ne5
16.Bc5 Bf6 17.Rxb7 Rfb8 18.Bxe7 Rxb7 19.Bxf6 Re8 20.h4 Qa3 21.Bxe5 Rxe5 22.Qd4 Qb2
23.Qc4 Re8 24.Qc6 Qb5 25.Qc3 Qb4 26.Qc6 Rbb8 27.Rd1 Rbc8 28.Qa6 Qb6 29.Qa2 a5
30.Rb1 Qc5 31.Rd1 h5 32.g3 Qc2 33.Qxa5 Rc3 34.Qb5 Rxe4 35.Bxe4 Qxd1+ 36.Kh2 Qd4
37.Qe2 Rb3 38.Kg2 Rb2 39.Qe1 Qe5 40.Kf1 Ra2 41.Qb4 Qa1+ 42.Kg2 Ra4 43.Qe7 Qd4
44.Bf3 Ra2 45.Qe1 Kg7 46.Qf1 Qd2 47.Kg1 Kh7 48.Kg2 Rc2 49.d6 Qxd6 50.Be4 Rd2
51.Qc4 Qf6 52.Qc5 Kg7 53.Qe3 Qb2 54.Qf3 Qd4 55.Kg1 f5 56.Ba8 f4 57.Qxf4 Qxf4
58.gxf4 Rd4 59.Kg2 Rxf4 60.Kg3 Rg4+ 61.Kh3 Kf6 62.f3 Rf4 63.Kg3 Ke5 64.Bc6 Rf6
65.Be4 Kd4 66.Kf2 Rb6 67.Kg3 Ke3 68.Bc2 Rc6 69.Be4 Rf6 70.Bb7 Rf4 71.Bd5 Ra4
72.Bf7 Ra1 73.Kg2 Ra7  0-1

[Event "Yerevan ol (Men)"]
[Site "Yerevan"]
[Date "1996.??.??"]
[Round "6"]
[White "Mohamed, Esam Ahmed Nagib"]
[Black "Krasenkow, Michal"]
[Result "0-1"]
[WhiteElo "2355"]
[BlackElo "2605"]

1.d4 g6 2.c4 Bg7 3.Nc3 d6 4.Nf3 Bg4 5.g3 Bxf3 6.exf3 e6 7.Bg2 Ne7 8.O-O O-O
9.f4 c6 10.Rb1 d5 11.c5 b6 12.b4 a5 13.Na4 Nd7 14.b5 bxc5 15.bxc6 Nxc6 16.dxc5 Rb8
17.Ba3 Qc7 18.Qd2 Nb4 19.Rfc1 Qc6 20.Bxb4 Rxb4 21.Rxb4 axb4 22.Qxb4 Rb8 23.Qc4 Bf8
24.Qc2 Ra8 25.Nb6 Nxb6 26.cxb6 Qxb6 27.a4 Qd4 28.Rd1 Qxa4 29.Qxa4 Rxa4 30.Rd2 Bb4
31.Rc2 Ra3 32.Bf1 Bc3 33.Bb5 Kf8 34.Kf1 Ke7 35.Ke2 Kd6 36.Bd3 f6 37.Rc1 e5
38.fxe5+ fxe5 39.f3 Bb4 40.Bb1 Bc5 41.Bd3 Ra2+ 42.Rc2 Ra1 43.Kd2 Rh1 44.Kc3 Bg1
45.h4 Bd4+ 46.Kb4 Rb1+ 47.Ka4 Rg1 48.g4 Rh1 49.Kb5 Rxh4 50.Rc6+ Kd7 51.Bc2 Rh3
52.Bb3 e4 53.Bxd5 exf3 54.Rc4 Be3 55.Re4 f2 56.Bc4 Ba7 57.Be2 Rh1 58.Rf4 Be3
59.Rf3 Re1 60.Bd3 Ke6 61.Kc4 Ke5 62.Kc3 Rc1+ 63.Kb2 Kd4 64.Ba6 Rg1 65.Rf7 g5
66.Rd7+ Kc5 67.Rf7  0-1

[Event "Yerevan ol (Men)"]
[Site "Yerevan"]
[Date "1996.??.??"]
[Round "10"]
[White "Krasenkow, Michal"]
[Black "Torre, Eugenio"]
[Result "1/2-1/2"]
[WhiteElo "2605"]
[BlackElo "2535"]

1.d4 d6 2.Nf3 Bg4 3.c4 Bxf3 4.exf3 c6 5.Nc3 g6 6.Qb3 Qc7 7.Be3 Bg7 8.g3 Nd7
9.Bh3 Ngf6 10.O-O O-O 11.Rac1 Nb6 12.a4 a5 13.f4 Nbd7 14.f5 Qb6 15.Qc2 d5
16.cxd5 cxd5 17.fxg6 hxg6 18.Bxd7 Nxd7 19.Nxd5 Qd6 20.Qb3 Nf6 21.Nxf6+ Bxf6
22.Rc5 Bxd4 23.Bxd4 Qxd4 24.Rb5 Qe4 25.Rxb7 Rfd8 26.Ra1 Rac8 27.Qb6 Kg7 28.Qa7 Qe2
29.Rd7 Rxd7 30.Qxd7 Rc2 31.Rf1 Rxb2 32.Qc7 Rb4 33.Qxa5 Qe4 34.Ra1 Qd4  1/2-1/2

[Event "Yerevan ol (Men)"]
[Site "Yerevan"]
[Date "1996.??.??"]
[Round "12"]
[White "Krasenkow, Michal"]
[Black "Bogdanovski, Vlatko"]
[Result "1-0"]
[WhiteElo "2605"]
[BlackElo "2460"]

1.d4 Nf6 2.c4 e6 3.Nf3 Bb4+ 4.Nbd2 b6 5.a3 Bxd2+ 6.Bxd2 Bb7 7.Bg5 d6 8.e3 Nbd7
9.Qc2 Qe7 10.Rd1 h6 11.Bh4 a5 12.b3 Rc8 13.Be2 g5 14.Bg3 h5 15.h4 g4 16.Ng5 Bxg2
17.Rg1 Bb7 18.b4 axb4 19.axb4 Rg8 20.Ra1 Ra8 21.Rxa8+ Bxa8 22.Kd2 Rxg5 23.hxg5 Ne4+
24.Ke1 Nxg3 25.Rxg3 Qxg5 26.e4 Qf4 27.d5 Nf6 28.Ra3 Bb7 29.c5 dxc5 30.bxc5 Nxe4
31.Bb5+ Ke7 32.cxb6 cxb6 33.Bc6 Nc5 34.Bxb7 Nxb7 35.Ra7 Qb8 36.Qa2 Kf6 37.dxe6 fxe6
38.Qb2+ Kf5 39.Qxb6 Qe5+ 40.Kf1 Nd6 41.Ra5  1-0

[Event "New York op"]
[Site "New York"]
[Date "1997.04.03"]
[Round "2"]
[White "David, Alberto"]
[Black "Krasenkow, Michal"]
[Result "1-0"]
[WhiteElo "2455"]
[BlackElo "2615"]

1.e4 g6 2.d4 Bg7 3.Nc3 c6 4.f4 d5 5.e5 Nh6 6.Nf3 f6 7.h3 Nf5 8.Ne2 h5 9.g3 c5
10.c3 cxd4 11.exf6 Bxf6 12.Nfxd4 Nc6 13.Nxf5 Bxf5 14.Bg2 d4 15.Bxc6+ bxc6
16.Nxd4 Qd5 17.Kf2 Bxd4+ 18.cxd4 Bc2 19.Qxc2 Qxh1 20.Qxg6+ Kd8 21.Bd2 Qd5
22.Rc1 Kc7 23.Be3 Rag8 24.Qd3 Rb8 25.b3 Rb5 26.Qc4 Kd7 27.Qd3 Rg8 28.Bd2 a5
29.Re1 Qd6 30.Qc4 Rd5 31.Re4 Rg6 32.Qa6 Rb5 33.Bxa5 Re6 34.Qa7+ Ke8 35.Re5 Rexe5
36.fxe5 Qa3 37.Qa8+ Kf7 38.e6+ Kg7 39.Qe8 Qxa2+ 40.Kf3 Rxb3+  1-0

[Event "MK Cafe op-A"]
[Site "Koszalin"]
[Date "1997.08.03"]
[Round "1"]
[White "Krasenkow, Michal"]
[Black "Novikov, Yury"]
[Result "1/2-1/2"]
[WhiteElo "2645"]
[BlackElo "2370"]

1.d4 d6 2.Nf3 f5 3.Nc3 Nf6 4.Bg5 Ne4 5.Nxe4 fxe4 6.Nd2 Bf5 7.e3 Nc6 8.f3 exf3
9.Qxf3 Qd7 10.Bb5 a6 11.Ba4 d5 12.c4 e6 13.O-O Bg6 14.Rac1 Bb4 15.cxd5 exd5
16.Rxc6 bxc6 17.Rc1 Rf8 18.Qe2 Bxd2 19.Qxd2 Kf7 20.Bxc6 Qe6 21.Bxa8 Rxa8
22.Rxc7+ Kg8 23.Bf4 Rc8 24.Qc3 Rxc7 25.Qxc7 Be4 26.h3 h6 27.b4 Qg6 28.g4 h5
29.Qc8+ Kh7 30.Kf2 hxg4 31.hxg4 Qf7 32.a3 g5 33.Qc7 Qxc7 34.Bxc7 Bc2 35.Ke2 Kg6
36.Bd8 Ba4 37.e4 dxe4 38.d5 Bd7 39.Ke3 Bxg4 40.Kxe4 Kf7 41.Bxg5 Ke8 42.d6 Bd1
43.Kd5 Kd7 44.Kc5 Ba4 45.Bf4 Bb5 46.Kb6 Be2 47.a4 Bd3  1/2-1/2

[Event "MK Cafe op-A"]
[Site "Koszalin"]
[Date "1997.08.04"]
[Round "2"]
[White "Babula, Milan"]
[Black "Krasenkow, Michal"]
[Result "1/2-1/2"]
[WhiteElo "2285"]
[BlackElo "2645"]

1.e4 g6 2.d4 Bg7 3.f4 d5 4.e5 c5 5.c3 Qb6 6.dxc5 Qxc5 7.b4 Qb6 8.Qxd5 Nc6
9.Nf3 Nh6 10.Qb5 Qc7 11.Be3 O-O 12.Be2 Bd7 13.Qc4 Be6 14.Qc5 b6 15.Qb5 Rfd8
16.Qa4 f6 17.exf6 Bxf6 18.O-O Ng4 19.Bd2 a5 20.b5 Nb4 21.h3 Qc5+ 22.Kh1 Nf2+
23.Kh2 Nbd3 24.Nd4 Bxd4 25.cxd4 Rxd4 26.Qa3 Qc7 27.Rxf2 Nxf2 28.Qf3 Ne4 29.Be3 Rf8
30.Na3 Ng5 31.Qg3 Ra4 32.Rc1 Qb8 33.Nc4 Rxa2 34.Bf1 Ne4 35.Qf3 Nf6 36.Nxb6 a4
37.Qc6 Bb3 38.Bc4+ Kg7 39.Nxa4 Rxa4 40.Bxb3 Rxf4 41.Bxf4 Qxf4+ 42.Kh1 Ne4
43.Qc7 Qg5 44.Be6 h5 45.b6 Nd6 46.Re1 Rf2 47.Rg1 Rb2 48.Qc3+ Qf6 49.Qe3 Rb4
50.Bd7 Ne4 51.Re1 Qd6 52.Bc8 Ng3+  1/2-1/2

[Event "MK Cafe op-A"]
[Site "Koszalin"]
[Date "1997.08.04"]
[Round "3"]
[White "Krasenkow, Michal"]
[Black "Kaula, Roman"]
[Result "1-0"]
[WhiteElo "2645"]
[BlackElo "2325"]

1.d4 Nf6 2.c4 g6 3.Nc3 Bg7 4.e4 d6 5.Nf3 O-O 6.h3 Na6 7.Bg5 c5 8.d5 e6 9.Nd2 h6
10.Bh4 Nc7 11.a4 e5 12.Be2 Na6 13.Bg4 Nb4 14.Kf1 g5 15.Bg3 Nxe4 16.Ndxe4 f5
17.h4 fxe4 18.Bxc8 Qxc8 19.hxg5 hxg5 20.Nxe4 Qf5 21.Qe2 Qg6 22.Kg1 Rad8 23.Rh5 Rf5
24.Bh2 Bh6 25.Ra3 Rd7 26.Rah3 Rh7 27.Qg4 Rff7 28.Bg3 Nd3 29.Nxg5 Nf4 30.Bxf4 Rxf4  1-0

[Event "MK Cafe op-A"]
[Site "Koszalin"]
[Date "1997.08.05"]
[Round "4"]
[White "Galliamova, Alisa"]
[Black "Krasenkow, Michal"]
[Result "0-1"]
[WhiteElo "2445"]
[BlackElo "2645"]

1.d4 d6 2.Nf3 g6 3.g3 Bg7 4.Bg2 Nc6 5.d5 Na5 6.O-O c6 7.e4 Nf6 8.Qe2 cxd5
9.exd5 Bd7 10.Nfd2 b5 11.b4 Nc4 12.Nxc4 bxc4 13.Qxc4 Rc8 14.Qe2 Nxd5 15.Bxd5 Bxa1
16.c3 O-O 17.Bg5 Bc6 18.Bxc6 Rxc6 19.Bxe7 Re8 20.Qf3 Qd7 21.Bf6 Ra6 22.Nd2 Rxa2
23.Qf4 Qf5 24.Qxd6 Bb2 25.Nb3 Qe6 26.Qxe6 Rxe6 27.Bd4 Ra3 28.Na5 Bxc3 29.Nc4 Ra1
30.Bxc3 Rxf1+ 31.Kxf1 Rc6 32.Bd4 Rxc4 33.Bxa7 Rxb4 34.h4 Kg7 35.Kg2 Kf6 36.Be3 Ke5
37.Kf3 h5 38.Kg2 Ke4 39.Bc5 Rb5 40.Be3 Kd3 41.Bf4 Ke2 42.Be3 Rb3 43.Bc5 Rf3
44.Bd4 f5 45.Kg1 Rd3  0-1

[Event "MK Cafe op-A"]
[Site "Koszalin"]
[Date "1997.08.06"]
[Round "5"]
[White "McNab, Colin Anderson"]
[Black "Krasenkow, Michal"]
[Result "1/2-1/2"]
[WhiteElo "2490"]
[BlackElo "2645"]

1.c4 e5 2.Nc3 Nf6 3.Nf3 Nc6 4.e4 Bb4 5.d3 d6 6.g3 Bg4 7.h3 Bxf3 8.Qxf3 Nd7
9.Bg2 Nd4 10.Qd1 a5 11.O-O Bc5 12.Rb1 c6 13.a3 Nf8 14.b4 axb4 15.axb4 Ba7
16.Kh2 h5 17.f4 h4 18.g4 Nfe6 19.f5 Nf4 20.Kh1 g5 21.fxg6 fxg6 22.Bxf4 exf4
23.Rxf4 Qg5 24.Rf1 Qe5 25.Ne2 Bb6 26.Nxd4 Bxd4 27.Qf3 O-O-O 28.Qf4 Qxf4 29.Rxf4 Kc7
30.b5 Rdf8 31.Rxf8 Rxf8 32.bxc6 bxc6 33.Rf1 Ra8 34.Rf7+ Kb6 35.Bf1 Kc5 36.g5 Ra2
37.Rf4 Be5 38.Rxh4 Kd4 39.Rg4 Ke3 40.d4 Bxd4 41.Rg3+ Kf4 42.Rb3 Kxg5 43.Rf3 Kh4
44.Rd3 c5 45.Rf3 g5 46.Rb3 Rf2 47.Bg2 Re2 48.Bf1 Rxe4 49.Kg2 Re7 50.Rg3 Rf7
51.Rg4+ Kh5 52.Bd3 Rf2+ 53.Kg3 Rd2 54.Bf5 d5 55.cxd5 c4 56.d6  1/2-1/2

[Event "MK Cafe op-A"]
[Site "Koszalin"]
[Date "1997.08.08"]
[Round "7"]
[White "Tseshkovsky, Vitaly"]
[Black "Krasenkow, Michal"]
[Result "1/2-1/2"]
[WhiteElo "2500"]
[BlackElo "2645"]

1.e4 c5 2.Nf3 e6 3.c3 Nf6 4.e5 Nd5 5.d4 cxd4 6.cxd4 b6 7.Bc4 Bb7 8.O-O Be7
9.Nc3 Nxc3 10.bxc3 O-O 11.d5 Qc7 12.Bb3 Bxd5 13.Bxd5 exd5 14.Qxd5 Qc6 15.Rd1 Qxd5
16.Rxd5 f6 17.Bf4 fxe5 18.Bxe5 Nc6 19.Bd6 Rae8 20.Bxe7 Rxe7 21.Rad1 Nb8 22.Kf1 Rc8
23.R1d3 Re4 24.R5d4 Rxd4 25.Nxd4 Rc5 26.g4 Nc6 27.Nb3 Rc4 28.h3 Ne5 29.Re3 Ng6
30.Nd4 Nf4 31.Nf5 Ne6 32.Rd3 Rc7 33.h4 Kf7 34.Kg1 Ke8 35.Kh2 Rc5 36.Kg3 Ra5
37.Nd6+ Ke7 38.Rd2 Ra3 39.Nb5 Ra4 40.f3 g6 41.Nd6 Nc5 42.Nb5 Kd8 43.Re2 Ne6
44.Nd6 Ra3 45.Nf7+ Ke7 46.Ng5 h6 47.Nxe6 dxe6 48.Rc2 b5 49.Kf4 Ra4+ 50.Ke3 h5
51.Rg2 Rc4 52.gxh5 gxh5 53.Rg7+ Kf6 54.Rxa7 Rxc3+ 55.Kf2  1/2-1/2

[Event "MK Cafe op-A"]
[Site "Koszalin"]
[Date "1997.08.11"]
[Round "10"]
[White "Krasenkow, Michal"]
[Black "Brodsky, Michail"]
[Result "1/2-1/2"]
[WhiteElo "2645"]
[BlackElo "2545"]

1.c4 e6 2.g3 d5 3.Bg2 dxc4 4.Qa4+ Nd7 5.Qxc4 a6 6.a4 Ngf6 7.d3 Bd6 8.Qc2 Nd5
9.Nd2 b6 10.Nc4 Be7 11.Ne3 N7f6 12.Nxd5 Nxd5 13.Nf3 Bb7 14.O-O c5 15.Bd2 O-O
16.Ne5 Bd6 17.Nc4 Bc7 18.Rab1 Rb8 19.Rfc1 Qd7 20.Qd1 Rfc8 21.b3 Ba8 22.Qf1 b5
23.axb5 axb5 24.Ne3 Be5 25.Ng4 Bd6 26.f4 Nb6 27.e4 f5 28.Nf2 Rc7 29.Be3 Rbc8
30.Ra1 Bb7 31.Ra7 Ra8 32.Rxa8+ Bxa8 33.b4 Na4 34.exf5 Bxg2 35.Qxg2 cxb4 36.Rxc7 Bxc7
37.fxe6 Qxe6 38.Qa8+ Kf7 39.Ne4 h6 40.Qb7 Qd7 41.Nd2 Kg8 42.Qe4 Nc3 43.Qg6 Kh8
44.Bc5 Na4 45.Be3 Nc3 46.Nb3 Bd6 47.f5 Qe7 48.Bf2 Be5 49.Bc5 Qd8 50.Qe6 Bf6
51.Qd6 Qe8 52.Qf8+ Qxf8 53.Bxf8 Nd5 54.Kf2 Kg8 55.Bc5 h5 56.Kf3 Kf7 57.h3 g6
58.fxg6+ Kxg6 59.g4 hxg4+ 60.Kxg4 Bc3 61.Bd4 Bxd4 62.Nxd4 Kf6 63.Nb3 Ke5
64.Kg5 Nf4 65.d4+ Ke4 66.h4 Ne6+ 67.Kf6 Nxd4  1/2-1/2

[Event "Rubinstein mem 34th"]
[Site "Polanica Zdroj"]
[Date "1997.08.19"]
[Round "1"]
[White "Krasenkow, Michal"]
[Black "Malaniuk, Vladimir P"]
[Result "0-1"]
[WhiteElo "2645"]
[BlackElo "2615"]

1.d4 f5 2.g3 Nf6 3.Bg2 g6 4.Nh3 Bg7 5.Nf4 Nc6 6.h4 e5 7.dxe5 Nxe5 8.h5 c6
9.c4 O-O 10.hxg6 hxg6 11.Qc2 d6 12.Nd2 Qe8 13.Nf3 Ne4 14.Nxe5 dxe5 15.Nd3 Nf6
16.Bh6 Bxh6 17.Rxh6 Kg7 18.Rh1 e4 19.Nf4 Qe5 20.O-O-O Be6 21.f3 Bf7 22.Qd2 Rh8
23.Rxh8 Rxh8 24.Qe3 Bxc4 25.Qxa7 Bf7 26.fxe4 fxe4 27.Qd4 Qxd4 28.Rxd4 Rh2
29.Bh3 Bxa2 30.Be6 g5 31.Bxa2 gxf4 32.gxf4 Rxe2 33.Rd2 Re1+ 34.Kc2 Rf1 35.Rg2+ Kf8
36.Kc3 Rxf4 37.Kd4 Rf5 38.Be6 c5+ 39.Kc4 Re5 40.Bc8 b6 41.Bb7 Ke7 42.Rg7+ Kd6
43.Rg6 Ke6 44.Kb5 e3 45.Bf3 e2 46.Bxe2 Rxe2 47.Kxb6 Kf5 48.Rg1 Ne4 49.Rb1 Ke5
50.Kc6 Rc2  0-1

[Event "New York op"]
[Site "New York"]
[Date "1997.??.??"]
[Round "?"]
[White "Van Wely, Loek"]
[Black "Krasenkow, Michal"]
[Result "1/2-1/2"]
[WhiteElo "2645"]
[BlackElo "2615"]

1.c4 c5 2.Nc3 Nc6 3.g3 g6 4.Bg2 Bg7 5.a3 a6 6.Rb1 Rb8 7.b4 cxb4 8.axb4 b5
9.cxb5 axb5 10.Nf3 d5 11.d4 Bf5 12.Rb3 Be4 13.Bg5  1/2-1/2

[Event "New York op"]
[Site "New York"]
[Date "1997.??.??"]
[Round "?"]
[White "Aleksandrov, Aleksej"]
[Black "Krasenkow, Michal"]
[Result "0-1"]
[WhiteElo "2615"]
[BlackElo "2615"]

1.c4 c5 2.Nc3 Nc6 3.g3 g6 4.Bg2 Bg7 5.d3 e6 6.e4 Nge7 7.h4 h6 8.Be3 Nd4 9.Nge2 Nec6
10.a3 d6 11.Rb1 a5 12.Nf4 Rb8 13.O-O O-O 14.a4 Nb4 15.Nb5 b6 16.Qd2 Kh7 17.Bxd4 cxd4
18.Ne2 e5 19.f4 h5 20.Rf2 Bh6 21.Rbf1 Bg4 22.Bf3 Bxf3 23.Rxf3 f5 24.Nc1 Rb7
25.Qg2 Rbf7 26.Nb3 Qe7 27.Re1 fxe4 28.Rxe4 Qd7 29.Nd2 exf4 30.Nxd4 d5 31.cxd5 Qxd5
32.Ne6 Rc8 33.Nxf4 Bxf4 34.Rfxf4 Rc1+ 35.Nf1 Nxd3 36.Rxf7+ Qxf7 37.Qe2 Nc5
38.Rf4 Qd7 39.g4 Nd3 40.Re4 Re1 41.Qg2 Rxe4 42.Qxe4 Nc5 43.Qe5 Qxg4+ 44.Ng3 Qxh4
45.Qc7+ Kh6 46.Nf5+ gxf5 47.Qxb6+ Kg5 48.Qxc5 Qe1+ 49.Kg2 h4 50.Qa7 Qe4+
51.Kf2 Qc2+ 52.Ke3 f4+ 53.Kf3 Qd3+ 54.Kf2 Qe3+ 55.Qxe3 fxe3+ 56.Kxe3 Kg4
57.Kf2 h3  0-1

[Event "New York op"]
[Site "New York"]
[Date "1997.??.??"]
[Round "?"]
[White "Krasenkow, Michal"]
[Black "Zvjaginsev, Vadim"]
[Result "1/2-1/2"]
[WhiteElo "2615"]
[BlackElo "2610"]

1.d4 e6 2.Nf3 c5 3.g3 Nc6 4.Bg2 Qa5+ 5.c3 cxd4 6.Nxd4 Nxd4 7.Qxd4 Nf6 8.e4 Bc5
9.Qd1 Qc7 10.O-O h6 11.Qc2 e5 12.Nd2 O-O 13.a4 a6 14.Nc4 d6 15.Be3 Be6 16.a5 Rad8
17.Nb6  1/2-1/2

[Event "New York op"]
[Site "New York"]
[Date "1997.??.??"]
[Round "1"]
[White "Krasenkow, Michal"]
[Black "Ribshtein, Nati"]
[Result "1-0"]
[WhiteElo "2615"]
[BlackElo "2290"]

1.d4 Nf6 2.c4 c5 3.d5 e6 4.Nc3 exd5 5.cxd5 d6 6.e4 g6 7.h3 Bg7 8.Nf3 O-O
9.Bd3 b5 10.Nxb5 Re8 11.Bg5 Qb6 12.Bxf6 Bxf6 13.Qb3 Nd7 14.O-O Rb8 15.Qa4 c4
16.Bxc4 Rxe4 17.Nd2 Rf4 18.Nxa7 Qxb2 19.Nxc8 Rxc8 20.Qxd7 Rd8 21.Qc6 Qxd2
22.Rae1 Kg7 23.Re2 Qc3 24.Bb3 Qd3 25.Rfe1 Bd4 26.Qc7 Bf6 27.g3 Rf3 28.Re3 Rxe3
29.Rxe3 Qf5 30.Kg2 Qd7 31.Qc6 h5 32.a4 Qa7 33.Bc4 Qb8 34.Rb3 Qc8 35.a5 Bd4
36.a6 Bc5 37.Rf3 Kg8 38.Bb5 Kg7 39.Qb7 Qxb7 40.axb7 Rb8 41.Bc6 Kf8 42.Rf4 Ke7
43.Re4+ Kf6 44.Ra4 Bb6 45.Ra8 Bc7 46.f4 Ke7 47.g4 hxg4 48.hxg4 Kf6 49.g5+ Ke7
50.Kf3 Rf8 51.Rc8 Bb8 52.Ke4 Rd8 53.Kd3 Rf8 54.Kc4 Rd8 55.Kb5 Rf8 56.Kb6 Rd8
57.Rxb8  1-0

[Event "EU-chT (Men)"]
[Site "Pula"]
[Date "1997.??.??"]
[Round "5"]
[White "Magem Badals, Jorge"]
[Black "Krasenkow, Michal"]
[Result "0-1"]
[WhiteElo "2570"]
[BlackElo "2615"]

1.e4 c5 2.Nf3 Nc6 3.c3 e5 4.Bc4 Qc7 5.O-O Be7 6.Ng5 Nd8 7.f4 exf4 8.Nh3 g5
9.d4 cxd4 10.Bb3 d3 11.Nf2 Nf6 12.Nd2 Ne6 13.Nf3 Bc5 14.Qxd3 Qb6 15.Nd4 Nxd4
16.cxd4 Bxd4 17.Bd2 Ng4 18.Be1 Ne5 19.Qc2 d6 20.Rd1 Be3 21.Bc3 O-O 22.Kh1 Be6
23.Nd3 Bxb3 24.axb3 Rac8 25.Qe2 Qxb3 26.Nb4 Qe6 27.Nd5 f6 28.g3 Ng6 29.Qg2 Rf7
30.gxf4 Bxf4 31.Nxf4 gxf4 32.Rxf4 Rc5 33.Rg4 f5 34.exf5 Rcxf5 35.Rg1 Rf2
36.Rxg6+ hxg6 37.Qxg6+ Qxg6 38.Rxg6+ Kf8 39.Rxd6 Rh7 40.Be5 Rh5 41.Rf6+ Rxf6
42.Bxf6 a5 43.Kg2 b5  0-1

[Event "POL-ch"]
[Site "Sopot"]
[Date "1997.??.??"]
[Round "1"]
[White "Urban, Klaudiusz"]
[Black "Krasenkow, Michal"]
[Result "1/2-1/2"]
[WhiteElo "2490"]
[BlackElo "2615"]

1.d4 d6 2.e4 Nf6 3.f3 d5 4.e5 Nfd7 5.f4 c5 6.c3 Nc6 7.Nf3 cxd4 8.cxd4 Nb6
9.Be2 Bg4 10.O-O e6 11.h3 Bxf3 12.Rxf3 Rc8 13.Be3 Be7 14.Bf2 O-O 15.Nc3 f6
16.Bd3 g6 17.Qe2 Rf7 18.Rf1 Nd7 19.f5 gxf5 20.Bxf5 exf5 21.e6 Rg7 22.exd7 Qxd7
23.Qd3 Nb4 24.Qxf5 Qxf5 25.Rxf5 Rg5 26.Rf3 Rc4 27.Be3 Rg7 28.a3 Nc2 29.Nxd5 Nxd4
30.Nxf6+ Kh8 31.Bxd4 Rxd4 32.Rc3 Rf7 33.Ng4 Rxf1+ 34.Kxf1 Bg5 35.Ke2 Bf4
36.Rd3 Rxd3 37.Kxd3 Kg7 38.a4 Kg6 39.Ke4 Bc1 40.b3 Kg5 41.Ne5 Kh4 42.Kf3 Kg5
43.Nc4 a6 44.Nd6 b6 45.Nc4 b5 46.axb5 axb5 47.Nd6 b4 48.Ke4 h5 49.Nf5 Bb2
50.Ne3 Bg7 51.h4+ Kg6 52.Nd5 Bf8 53.Nf4+ Kh6 54.Kf5 Bc5 55.Nd5 Bd6 56.Kf6 Bc5
57.Ne7 Bd4+ 58.Kf7 Bc3 59.Ng8+ Kh7 60.Nf6+ Kh6 61.Ne4 Be1 62.g3 Bc3 63.Nd6 Kh7
64.Nf5 Be5 65.Ke6 Bc3 66.Kd5 Kg6 67.Ke4 Bf6 68.Ne3 Be7 69.Nd5 Bc5 70.Nf4+ Kh6
71.Kf5 Bf2 72.g4 hxg4 73.Kxg4 Be3 74.Nd3 Bd2 75.Nc5 Kg6 76.Ne4 Be3 77.h5+ Kh6
78.Nd6 Bd2 79.Nf5+ Kh7 80.Kf3 Bc3 81.Ne3 Kh6 82.Nd5 Be1 83.Ke2 Bh4 84.Nxb4 Kxh5
85.Nd5 Kg6 86.b4 Kf5 87.Kd3 Ke5 88.Kc4 Kd6 89.b5 Bf2  1/2-1/2

[Event "POL-ch"]
[Site "Sopot"]
[Date "1997.??.??"]
[Round "3"]
[White "Krasenkow, Michal"]
[Black "Maciejewski, Miroslaw"]
[Result "1-0"]
[WhiteElo "2615"]
[BlackElo "2355"]

1.d4 Nf6 2.c4 g6 3.Nc3 Bg7 4.e4 d6 5.Nf3 O-O 6.Be2 Bg4 7.Be3 Nfd7 8.h4 a5
9.Qd2 Nc6 10.d5 Nce5 11.Nxe5 Nxe5 12.f3 Bd7 13.h5 f5 14.hxg6 Nxg6 15.exf5 Bxf5
16.g4 Bd7 17.f4 c6 18.Bd3 Qe8 19.Qh2 Bxc3+ 20.bxc3 Qf7 21.Bxg6 Qxg6 22.f5 Qf7
23.Qh6 c5 24.Rb1 Kh8 25.Rxb7 Rad8 26.Kd2 Rg8 27.Qh4  1-0

[Event "POL-ch"]
[Site "Sopot"]
[Date "1997.??.??"]
[Round "5"]
[White "Krasenkow, Michal"]
[Black "Grabarczyk, Bogdan"]
[Result "1-0"]
[WhiteElo "2615"]
[BlackElo "2460"]

1.g3 c5 2.Bg2 g6 3.e4 Bg7 4.Nc3 Nc6 5.d3 d6 6.Nh3 h5 7.f4 Bg4 8.Qd2 h4 9.Nf2 Bd7
10.Ne2 e5 11.c3 Nf6 12.Qe3 Qb6 13.Qf3 h3 14.Bf1 O-O-O 15.Ng1 exf4 16.gxf4 g5
17.fxg5 Ne5 18.Qe2 Nfg4 19.Bxh3 Nxf2 20.Bxd7+ Rxd7 21.Kxf2 c4+ 22.d4 Nd3+
23.Kg3 f6 24.b3 d5 25.bxc4 Qc7+ 26.e5 dxc4 27.Qe4 fxe5 28.d5 Rf7 29.Be3 Kb8
30.h4 Rf4 31.Bxf4 exf4+ 32.Kg2 Qb6 33.Rf1 Qb5 34.Rh2 Re8 35.Qf5 Rf8 36.Qe6 f3+
37.Rxf3 Re8 38.Qd6+ Ka8 39.Rf7 Qb1 40.Kh1 Be5 41.Re2 Bxd6 42.Rxe8+ Bb8 43.d6 a6
44.d7  1-0

[Event "POL-ch"]
[Site "Sopot"]
[Date "1997.??.??"]
[Round "6"]
[White "Murdzia, Piotr"]
[Black "Krasenkow, Michal"]
[Result "0-1"]
[WhiteElo "2425"]
[BlackElo "2615"]

1.d4 d5 2.Nf3 Nf6 3.e3 Bf5 4.c4 e6 5.Nc3 c6 6.Bd3 Bxd3 7.Qxd3 Nbd7 8.e4 dxe4
9.Nxe4 Nxe4 10.Qxe4 Bb4+ 11.Bd2 Qa5 12.Qe3 c5 13.O-O O-O 14.Rfd1 Rad8 15.a3 Bxd2
16.Rxd2 b6 17.dxc5 bxc5 18.Rad1 Nf6 19.h3 Rxd2 20.Rxd2 Rb8 21.Qe5 Rc8 22.b4 Qa4
23.b5 h6 24.Rd6 Qxc4 25.Rc6 Rd8 26.Rxc5 Rd1+ 27.Kh2 Qf1 28.Qe3 Kh7 29.a4 g5
30.g4 Nd5 31.Rxd5 Rxd5 32.Qxa7 Kg7 33.Qe3 Rd3 34.Qe5+ Kg8 35.Qb8+ Kh7 36.Qg3 Qe2
37.Kg2 Qe4 38.a5 Qb7 39.a6 Qxb5 40.Qc7 Qd7 41.Qc2 Qd5 42.a7 Qxf3+ 43.Kh2 Qxh3+
44.Kg1 Qxg4+ 45.Kh2 Qh5+ 46.Kg2 Qf3+ 47.Kh2 f5 48.a8=Q Qh3+ 49.Kg1 Qg4+ 50.Qg2 Rd1+
51.Kh2 Qh4+ 52.Qh3 Rh1+ 53.Kxh1 Qxh3+ 54.Kg1 Qg4+ 55.Kf1 Kg6 56.Qc8 Qd1+
57.Kg2 Qd5+  0-1

[Event "POL-ch"]
[Site "Sopot"]
[Date "1997.??.??"]
[Round "10"]
[White "Myc, Marcin"]
[Black "Krasenkow, Michal"]
[Result "0-1"]
[WhiteElo "2335"]
[BlackElo "2615"]

1.d4 g6 2.c4 Bg7 3.e4 d6 4.Nc3 Nc6 5.Be3 e5 6.d5 Nce7 7.Qd2 h5 8.h4 Bh6 9.f4 Nf6
10.fxe5 Bxe3 11.Qxe3 Ng4 12.Qg3 Nxe5 13.Nf3 Ng4 14.Be2 O-O 15.Nh2 Nxh2 16.Rxh2 Kh7
17.O-O-O Ng8 18.e5 Bf5 19.Rf1 Nh6 20.Rhh1 Re8 21.exd6 cxd6 22.Qg5 Qb6 23.Qd2 Re5
24.Bd3 Rae8 25.Bxf5 Nxf5 26.Rf4 R8e7 27.Qf2 Qxf2 28.Rxf2 a6 29.Rf4 Re3 30.Rhf1 Kg7
31.Kd2 Rg3 32.R1f2 Ne3 33.b3 Rxg2 34.Rxg2 Nxg2 35.Re4 Kf8 36.Rd4 f5 37.Ne2 Kf7
38.b4 b6 39.a4 a5 40.bxa5 bxa5 41.Nc3 g5 42.hxg5 h4 43.Rd3 Kg6 44.c5 dxc5
45.d6 Rd7 46.Nd5 Kxg5 47.Nb6 Rd8 48.Nc4 Nf4 49.Rb3 h3 50.Ke3 h2 51.Rb1 Kg4
52.Kf2 Re8 53.Ne3+ Kh3 54.Rh1 Nd3+ 55.Kf3 Ne5+ 56.Kf4 Ng4 57.Nf1 Kg2 58.Ng3 Nf2
59.Rb1 Nh3+  0-1

[Event "POL-ch"]
[Site "Sopot"]
[Date "1997.??.??"]
[Round "11"]
[White "Krasenkow, Michal"]
[Black "Gdanski, Jacek"]
[Result "1/2-1/2"]
[WhiteElo "2615"]
[BlackElo "2485"]

1.c4 e5 2.Nc3 Nc6 3.g3 g6 4.Bg2 Bg7 5.e3 d6 6.Nge2 Be6 7.d4 exd4 8.Nxd4 Bd7
9.O-O Nge7 10.b3 O-O 11.Bb2 Nxd4 12.exd4 c6 13.Qd2 Nf5 14.d5 c5 15.Rfe1 Qa5  1/2-1/2